000
00274nam a22001337a 4500
082
_a
894.812.3
_b
moh/c
100
_a
MOHANAVARMA, K.L
245
_a
CINEMA
260
_a
TRIVANDRUM
_b
PRABHATH BOOKS HOUSE
300
_a
222
520
_a
NOVEL
650
_a
NOVEL
942
_c
BK
999
_c
5070
_d
5070